All eredivisie players - Statistics

General Stats
  • This quiz has been taken 47 times
  • The average score is 64 of 494
Answer Stats
Club Position Number Answer % Correct
Ajax GK 22 Remko Pasveer
82%
Ajax ST 9 Brian Brobbey
70%
Ajax CB 4 Jorrel Hato
70%
Ajax CM 8 Kenneth Taylor
67%
Willem 2 GK 24 Connor Van den Berg
64%
PEC Zwolle CM 10 Davy Van den Berg
64%
Ajax CB 37 Josip Sutalo
64%
PSV ST 9 Luuk De Jong
61%
FC Groningen CM 18 Tika De Jong
61%
Ajax ST 25 Wout Weghorst
61%
FC Twente CAM 14 Sem Steijn
58%
Ajax CM 6 Jordan Henderson
55%
Ajax LW 11 Mika Godts
55%
Ajax CM 18 Davy Klaassen
52%
NAC CB 5 Jan Van den Bergh
52%
PSV CM 23 Joey Veerman
48%
PSV GK 1 Walter Benitez
48%
Feyenoord CB 33 David Hancko
45%
Feyenoord LW 14 Igor Paixao
45%
Ajax GK 12 Jay Gorter
45%
AZ CDM 8 Jordy Clasie
45%
FC Twente ST 9 Ricky Van Wolfswinkel
45%
Ajax RW 23 Steven Berghuis
45%
Ajax RB 3 Anton Gaaei
42%
Ajax RW 20 Bertrand Traore
42%
FC Utrecht ST 9 David Min
42%
Willem 2 CB 4 Erik Schouten
42%
PSV CDM 22 Jerdy Schouten
42%
Feyenoord GK 1 Justin Bijlow
42%
AZ CM 24 Lewis Schouten
42%
Ajax LB 5 Owen Wijndal
42%
PSV ST 14 Ricardo Pepi
42%
PSV RB 8 Serginio Dest
42%
PEC Zwolle CB 33 Damian Van der Haar
39%
Ajax RB 2 Devyne Rensch
39%
Ajax GK 40 Diant Ramaj
39%
Feyenoord CB 18 Gernot Trauner
39%
Willem 2 ST 9 Kyan Vaessen
39%
PSV LW 10 Noa Lang
39%
AZ GK 1 Rome Jayden Owuso-Oduro
39%
Ajax CB 36 Dies Janse
36%
Feyenoord LB 5 Gijs Smal
36%
PSV CAM 20 Guus Til
36%
PSV LB 17 Mauro Junior
36%
Go ahead eagles ST 9 Milan Smit
36%
FC Utrecht GK 1 Vasilios Barkas
36%
Ajax ST 10 Chuba Akpom
33%
Feyenoord CM 4 In-Beom Hwang
33%
PSV CM 34 Ismael Saibari
33%
PSV LW 5 Ivan Perisic
33%
PSV RW 11 Johan Bakayoko
33%
Sparta CM - Julian Baas
33%
Feyenoord ST 19 Julian Carranza
33%
AZ CM 26 Kees Smit
33%
Ajax CM 28 Kian Fitz-Jim
33%
FC Twente GK 1 Lars Unnerstall
33%
SC Heerenveen GK 13 Micky Van der Hart
33%
Feyenoord CM 8 Quinten Timber
33%
NEC GK 31 Rijk Janse
33%
Feyenoord ST 29 Santiago Gimenez
33%
Feyenoord GK 22 Timon Wellenreuther
33%
AZ CB 3 Wouter Goes
33%
Ajax LB 15 Youri Baas
33%
Ajax CB 13 Ahmetcan Kaplan
30%
AZ CB 4 Bruno Martins Indi
30%
Almere City CM 5 Jochem Ritmeester Van de Kamp
30%
PSV GK 16 Joel Drommel
30%
PSV CAM 7 Malik Tillman
30%
FC Twente CB 2 Mees Hilgers
30%
FC Twente CAM 18 Michel Vlap
30%
PSV CB 18 Olivier Boscagli
30%
AZ LW 7 Ruben Van Bommel
30%
PSV CB 6 Ryan Flamingo
30%
FC Twente ST 10 Sam Lammers
30%
AZ CAM 10 Sven Mijnans
30%
AZ CB 5 Alexandre Penetra
27%
Feyenoord ST 9 Ayase Ueda
27%
FC Twente RB 28 Bart Van Rooij
27%
Feyenoord CAM 10 Calvin Stengs
27%
FC Twente RW 11 Daan Rots
27%
Ajax CB 24 Daniele Rugani
27%
Feyenoord LB 16 Hugo Bueno
27%
Go ahead eagles CB 4 Joris Kramer
27%
Almere City ST 17 Kornelius Hansen
27%
FC Groningen LW 10 Luciano Valente
27%
FC Twente LB 39 Mats Rots
27%
RKC ST 29 Michiel Kramer
27%
FC Utrecht CB 3 Mike Van der Hoorn
27%
RKC CAM 52 Mohamed Ihattaren
27%
Sparta GK - Nick Olij
27%
Almere City GK 1 Nordin Bakker
27%
Feyenoord LB 11 Quilindschy Hartman
27%
NEC RW 10 Sontje Hansen
27%
FC Utrecht LB 16 Souffian El Karouani
27%
FC Groningen CB 3 Thijmen Blokzijl
27%
Almere City CDM 19 Thom Haye
27%
AZ ST 9 Troy Parrott
27%
SC Heerenveen GK 44 Andries Noppert
24%
PSV CB 4 Armando Obispo
24%
Ajax CDM 33 Benjamin Tahirovic
24%
NEC LB 24 Calvin Verdonk
24%
SC Heerenveen RB 2 Denzel Hall
24%
AZ ST 21 Ernest Poku
24%
AZ GK 41 Jeroen Zoet
24%
NEC CDM 20 Lasse Schöne
24%
FC Twente CB 38 Max Bruns
24%
FC Utrecht CB 24 Nick Viergever
24%
Go ahead eagles LW 23 Oliver Valaker Edvardsen
24%
AZ CDM 6 Peer Koopmeiners
24%
NEC CB 3 Phillipe Sandler
24%
Feyenoord CDM 6 Ramiz Zerrouki
24%
PSV CAM 37 Richard Ledezma
24%
NEC GK 22 Robin Roefs
24%
Heracles CAM 17 Thomas Bruns
24%
Go ahead eagles ST 16 Victor Edvardsen
24%
Feyenoord RW 23 Anis Hadj Moussa
21%
Feyenoord RB 2 Bart Nieuwkoop
21%
Ajax RW 29 Christian Rasmussen
21%
Feyenoord RB 26 Givairo Read
21%
PSV CAM 26 Isaac Babadi
21%
Fortuna Sittard GK 31 Mathijs Branderhorst
21%
PSV CB 32 Matteo Dams
21%
FC Twente RW 7 Mitchell Van Bergen
21%
PSV GK 24 Niek Schiks
21%
PSV RB 2 Rick Karsdorp
21%
Feyenoord CB 3 Thomas Beelen
21%
Almere City ST 9 Thomas Robinet
21%
FC Groningen ST 29 Thom Van Bergen
21%
PSV CB 39 Adamo Nagalo
18%
FC Twente LB 5 Bas Kuipers
18%
Ajax CM 21 Branco Van den Boomen
18%
AZ LB 18 David Moller Wolfe
18%
PSV LW 27 Hirving Lozano
18%
AZ RW 11 Ibrahim Sadiq
18%
Fortuna Sittard ST 9 Kaj Sierhuis
18%
NAC LW 77 Leo Sauer
18%
Go ahead eagles RB 2 Mats Deijl
18%
FC Utrecht ST 11 Noah Ohio
18%
Go ahead eagles RW 19 Oliver Antman
18%
PSV CM 28 Tygo Land
18%
Fortuna Sittard CAM 10 Alen Halilovic
15%
FC Twente LB 34 Anass Salah-Eddine
15%
Almere City CM 8 Anas Tahiri
15%
Feyenoord CM 27 Antoni Milambo
15%
NEC CB 17 Bram Nuytinck
15%
PSV LW 21 Couhaid Driouech
15%
Go ahead eagles LB 5 Dean James
15%
FC Groningen GK 1 Etienne Vaesen
15%
Feyenoord CDM 24 Gjivai Zechiel
15%
FC Twente CB 3 Gustaf Lagerbielke
15%
Feyenoord LW 38 Ibrahim Osman
15%
Feyenoord CB 20 Jeyland Mitchell
15%
Feyenoord RB 30 Jordan Lotomba
15%
Ajax ST 19 Julian Rijkhoff
15%
NEC CAM 29 Kas De Wit
15%
NEC ST 18 Koki Ogawa
15%
FC Twente CDM 4 Mathias Kjolo
15%
AZ LB 34 Mees De Wit
15%
FC Utrecht RW 22 Miguel Rodriguez
15%
Fortuna Sittard LB 35 Mitchell Dijks
15%
Almere City CB 4 Ricardo Visus
15%
Willem 2 CAM 16 Ringo Meerveld
15%
AZ RB 16 Seiya Maikuma
15%
Go ahead eagles GK 30 Sven Jansen
15%
FC Utrecht RW 10 Taylor Booth
15%
Sparta ST - Tobias Lauritsen
15%
NEC RW 32 Vito Van Crooij
15%
AZ CM 27 Zico Buurmeester
15%
FC Utrecht CM 14 Zidane Iqbal
15%
FC Utrecht CDM 27 Alonzo Engwanda
12%
Ajax LW 27 Amourricho Van Axel-Dongen
12%
NEC LW 11 Basar Onal
12%
FC Utrecht CM 8 Can Bozdogan
12%
Almere City RB 2 Damil Dankerlui
12%
PEC Zwolle RB 23 Eliano Reijnders
12%
Go ahead eagles CM 8 Evert Linthorst
12%
FC Twente GK 16 Issam El Maach
12%
PEC Zwolle GK 1 Jasper Schendelaar
12%
FC Utrecht CAM 18 Jens Toornstra
12%
FC Groningen CDM 4 Joey Pelupessy
12%
Almere City RW 11 Junior Kadile
12%
NEC LW 23 Kodai Sano
12%
Ajax CAM 38 Kristian Hlynsson
12%
NAC CDM 28 Lars Mol
12%
Go ahead eagles RB 24 Luca Everink
12%
FC Groningen CB 43 Marvin Peersman
12%
SC Heerenveen LB 11 Mats Köhlert
12%
AZ ST 35 Mexx Meerdink
12%
FC Twente CM 23 Michal Sadilek
12%
Feyenoord GK 21 Plamen Andreev
12%
FC Twente GK 22 Przemyslaw Tyton
12%
NEC RW 7 Rober Gonzalez
12%
Almere City LW 7 Ruben Providence
12%
NEC CAM 25 Sami Ouaissa
12%
Almere City CB 22 Theo Barbet
12%
NEC CB 15 Thomas Reijnders
12%
Willem 2 CB 33 Tommy St.Jago
12%
NAC LB 4 Boy Kemper
9%
NEC RB 2 Brayann Pereira
9%
FC Groningen ST 9 Brynjólfur Andersen Willumsson
9%
FC Twente CM 6 Carel Eiting
9%
Feyenoord CDM 34 Chris Kevin Nadje
9%
AZ GK 31 Daniël Virgionio Deen
9%
AZ RB 30 Denso Kasius
9%
NEC CDM 71 Dirk Proper
9%
Sparta LB - Djevencio Van der Kust
9%
PEC Zwolle ST 9 Dylan Vente
9%
SC Heerenveen CM 21 Espen Van Ee
9%
Feyenoord CB 15 Facundo Gonzalez
9%
FC Groningen LB 22 Finn Stam
9%
PSV LB 35 Fredrik Oppegard
9%
Ajax CB 30 Gaston Avila
9%
Go ahead eagles CB 3 Gerrit Nauber
9%
Almere City RB 20 Hamdi Akujobi
9%
AZ GK 12 Hobie Verhulst
9%
SC Heerenveen RB 15 Hussein Ali
9%
NEC CB 4 Ivan Marquez
9%
Fortuna Sittard RB 12 Ivo Pinto
9%
Almere City CB 15 James Lawrence
9%
AZ RW 17 Jayden Addai
9%
Willem 2 CM 8 Jesse Bosch
9%
FC Groningen CM 8 Johan Hove
9%
Heracles RB 18 Kelvin Leerdam
9%
FC Groningen RB 7 Leandro Bacuna
9%
RKC RB 4 Liam Van Gelderen
9%
FC Groningen CB 5 Marco Rente
9%
AZ CB 22 Maxim Dekker
9%
NEC CDM 6 Mees Hoedemakers
9%
FC Utrecht GK 25 Michael Brouwer
9%
FC Utrecht ST 77 Ole Romeny
9%
FC Groningen RW 27 Rui Mendes
9%
Ajax CDM 16 Sivert Mannsverk
9%
FC Groningen CM 6 Stije Resink
9%
NEC GK 1 Stijn Van Gassel
9%
Fortuna Sittard CB 6 Syb Van Ottele
9%
NEC LB 5 Thomas Ouwejan
9%
FC Groningen LB 2 Wouter Prins
9%
PEC Zwolle RW 7 Younes Namli
9%
Almere City CAM 16 Adi Nalic
6%
FC Twente CB 17 Alec Van Hoorenbeeck
6%
Almere City CM 23 Alex Balboa
6%
Almere City CM 6 Alex Carbonell
6%
PEC Zwolle CB 4 Anselmo Garcia MacNulty
6%
Almere City ST 21 Baptiste Guillaume
6%
Sparta ST - Charles-Andreas Brym
6%
Almere City CB 25 Christopher Mamengi
6%
Willem 2 CM 14 Cisse Sandra
6%
AZ CM 33 Dave Kwakman
6%
FC Groningen GK 24 Dirk Baron
6%
Heracles GK 1 Fabian De Keijzer
6%
Almere City LW 24 Faiz Mattoir
6%
PEC Zwolle CM 50 Filip Krastev
6%
FC Groningen LW 23 Fosin Turay
6%
NAC CDM 20 Fredrik Oldrup Jensen
6%
Heracles LW 28 Giandro Sambo
6%
RKC CDM 24 Godfried Roemeratoe
6%
FC Groningen GK 21 Hidde Jurjus
6%
Go ahead eagles LW 7 Jakob Breum
6%
Go ahead eagles GK 22 Jari De Busser
6%
FC Groningen GK 31 Jasper Meijster
6%
Almere City GK 31 Jöel van der Wilt
6%
Almere City CB 3 Joey Jacobs
6%
Almere City GK 29 Jonas Wendlinger
6%
FC Groningen RW 14 Jorg Schreuders
6%
PEC Zwolle ST 22 Kaj De Rooij
6%
NEC ST 9 Kento Shiogai
6%
AZ CDM 14 Kristijan Belic
6%
Fortuna Sittard LW 7 Kristoffer Peterson
6%
Go ahead eagles GK 1 Luca Plogmann
6%
Feyenoord LW 17 Luka Ivanusec
6%
SC Heerenveen CAM 8 Luuk Brouwers
6%
FC Utrecht CB 40 Matisse Didden
6%
AZ RW 23 Mayckel Lahdo
6%
Sparta LB - Mike Kleijn
6%
Heracles RB 2 Mimeirhel Benita
6%
PEC Zwolle CAM 37 Mohamed Oukhattou
6%
FC Groningen LW 11 Noah Emeran
6%
PEC Zwolle CAM 18 Odysseus Velanas
6%
RKC ST 9 Oskar Zawada
6%
FC Utrecht CAM 21 Paxten Aaronson
6%
Fortuna Sittard CB 14 Rodrigo Guth
6%
FC Groningen ST 26 Romano Postema
6%
PEC Zwolle CM 30 Ryan Thomas
6%
FC Twente GK 21 Sam Karssies
6%
SC Heerenveen CB 3 Sam Kersten
6%
RKC RW 18 Silvester Van der Water
6%
Heracles CB 35 Stijn Bultman
6%
Almere City GK 26 Stijn Keller
6%
FC Groningen CB 67 Sven Bouland
6%
FC Groningen CAM 25 Thijs Oosting
6%
Willem 2 GK 1 Thomas Didillon-Hödl
6%
PEC Zwolle RB 47 Tristan Gooijer
6%
Almere City LB 14 Vasilios Zagaritis
6%
FC Utrecht CAM 7 Victor Jensen
6%
RKC CM 6 Yassin Oukili
6%
FC Twente CM 8 Youri Regeer
6%
NAC LW 14 Adam Kaied
3%
FC Utrecht LW 15 Adrian Blake
3%
Fortuna Sittard CAM 23 Alessio da Cruz
3%
PEC Zwolle CDM 6 Anouar El Azzouzi
3%
Fortuna Sittard ST 50 Ante Erceg
3%
NEC CAM 8 Argyris Darelas
3%
Sparta CAM - Arno Verschueren
3%
Go ahead eagles LB 29 Aske Adelgaard
3%
Go ahead eagles RW 11 Bobby Adekanye
3%
Go ahead eagles CDM 6 Calvin Twigt
3%
Heracles CB 4 Damon Mirani
3%
NAC GK 99 Daniel Bielica
3%
SC Heerenveen ST 9 Daniel Karlsbakk
3%
SC Heerenveen LW 24 Danilo Al-Saed
3%
Fortuna Sittard CB 5 Darijo Grujcic
3%
RKC CB 3 Dario Van den Buijs
3%
NEC RB 21 D'leanu Arts
3%
PEC Zwolle RW 11 Dylan Mbayo
3%
NAC ST 10 Elías Már Ómarsson
3%
Go ahead eagles CDM 21 Enric Llansana
3%
Fortuna Sittard CAM 33 Ezequil Bullaude
3%
Go ahead eagles ST 27 Finn Stokkers
3%
Sparta CM - Hamza el Dahri
3%
SC Heerenveen LW 10 Ilias Sebaoui
3%
SC Heerenveen ST 18 Ion Nicolaescu
3%
Go ahead eagles CB 25 Jamal Amofa
3%
Fortuna Sittard CM 8 Jasper Dahlhaus
3%
Willem 2 ST 18 Jeremy Bokila
3%
RKC GK 1 Jeroen Houwen
3%
Sparta CM - Joshua Kitolano
3%
Fortuna Sittard RW 28 Josip Mitrovic
3%
RKC RB 2 Julian Lelieveld
3%
Go ahead eagles CB 26 Julius Dirksen
3%
Heracles CB 21 Justin Hoogma
3%
PEC Zwolle GK 25 Kenneth Vermeer
3%
FC Utrecht GK 33 Kevin Gadella
3%
FC Utrecht LB 5 Kolbeinn Finnsson
3%
NEC LB 19 Lefteris Lyratzis
3%
AZ ST 28 Lequincio Zeefuik
3%
Almere City RW 27 Logan Delaurier-Chaubet
3%
Fortuna Sittard CDM 32 Loreintz Rosier
3%
Heracles ST 19 Luka Kulenovic
3%
Fortuna Sittard CAM 77 Luka Tunjic
3%
Fortuna Sittard GK 1 Luuk Koopmans
3%
RKC LB 34 Luuk Wouters
3%
Willem 2 GK 41 Maarten Schut
3%
Fortuna Sittard LW 11 Makan Aïko
3%
Heracles RW 8 Mario Engels
3%
Go ahead eagles CAM 17 Mathis Suray
3%
NAC CM 7 Matthew Garbett
3%
FC Groningen CB - Maxim Mariani
3%
SC Heerenveen CAM 28 Melle Witteveen
3%
Go ahead eagles GK 33 Nando Verdoni
3%
Willem 2 RW 7 Nick Doodeman
3%
PEC Zwolle CDM 34 Nick Fichtinger
3%
FC Utrecht RB 23 Niklas Vesterlund
3%
Fortuna Sittard ST 17 Onur Demir
3%
FC Utrecht CM 6 Oscar Fraulo
3%
SC Heerenveen CB 5 Pawel Bochniewicz
3%
Go ahead eagles RB 28 Pim Saathof
3%
Willem 2 CB 30 Raffael Behounek
3%
Fortuna Sittard GK 71 Ramazan Bayram
3%
RKC CAM 23 Richard Van de Venne
3%
Go ahead eagles CM 15 Robbin Weijenberg
3%
NAC RW 17 Roy Kuijpers
3%
Heracles LB 12 Ruben Roosken
3%
Willem 2 LB 5 Rúnar Thór Sigurgeirsson
3%
Fortuna Sittard CM 80 Ryan Fosso
3%
Fortuna Sittard CM 22 Samuel Bastien
3%
AZ GK 13 Sem Westerveld
3%
Fortuna Sittard CB 4 Shawn Adewoye
3%
PEC Zwolle RB 2 Sherel Floranus
3%
Heracles CM 10 Shiloh 'T Zand
3%
FC Utrecht RB 2 Siebe Horemans
3%
Go ahead eagles CAM 10 Soren Tengstedt
3%
NAC ST 19 Tom Boere
3%
FC Utrecht GK 32 Tom De Graaff
3%
Fortuna Sittard CDM 38 Tristan Schenkhuizen
3%
Willem 2 RB 25 Valentino Vermeulen
3%
FC Twente CAM 19 Younes Taha
3%
RKC LB 28 Aaron Meijers
0%
NAC CM 30 Aïmane Jaddi
0%
RKC LW 11 Alexander Jakobsen
0%
SC Heerenveen CM 6 Amara Conde
0%
Willem 2 LW 21 Amar Fatah
0%
Willem 2 CDM 34 Amine Lachkar
0%
FC Utrecht ST 19 Anthony Descotte
0%
PEC Zwolle CAM 17 Anthony Fontana
0%
NAC GK 37 Aron Van Lare
0%
SC Heerenveen GK 22 Bernt Klaverboer
0%
Willem 2 CDM 6 Boris Lambert
0%
NAC RB 2 Boyd Lucassen
0%
Sparta RB - Boyd Reith
0%
PEC Zwolle RW 77 Braydon Manu
0%
Heracles CDM 14 Brian De Keermaecker
0%
Heracles RW 7 Bryan Limbombe
0%
Sparta RW - Camiel Neghli
0%
NAC CDM 6 Casper Staring
0%
SC Heerenveen RW 7 Che Nunnely
0%
NAC CB 25 Cherrion Valerius
0%
RKC CAM 14 Chris Lokesa
0%
NAC CM 8 Clint Leemans
0%
NAC CB 18 Daan Van Reeuwijk
0%
Heracles CDM 26 Daniël Van Kaam
0%
Willem 2 CAM 27 Dani Mathieu
0%
RKC CM 30 Daouda Weidmann
0%
RKC RW 7 Denilho Cleonise
0%
Heracles ST 30 Diego Van Oorschot
0%
SC Heerenveen ST 26 Dimitris Rallis
0%
NAC LW 39 Dominik Janosek
0%
PEC Zwolle GK 41 Duke Verduin
0%
Willem 2 ST 11 Emilio Kehrer
0%
NAC CB 15 Enes Mahmutovic
0%
RKC CB 33 Faissal Al Mazyani
0%
FC Twente CM 41 Gijs Besselink
0%
RKC LW 20 Ilias Takidine
0%
SC Heerenveen CM 39 Isaiah Ahmed
0%
Heracles CB 24 Ivan Mesik
0%
SC Heerenveen RW 20 Jakob Trenskow
0%
PEC Zwolle CM 35 Jamiro Montero
0%
SC Heerenveen GK 23 Jan Bekkema
0%
Heracles RB 3 Jannes Wieckhoff
0%
Heracles CM 13 Jan Zamburek
0%
Willem 2 CB 48 Jens Mathijsen
0%
Heracles ST 9 Jizz Hornkamp
0%
RKC GK 13 Joey Kesting
0%
Sparta CDM - Jonathan De Guzman
0%
Heracles CB 27 Jop Tijink
0%
Heracles CAM 5 Jordy Bruijn
0%
FC Utrecht CB 44 Joshua Mukeh
0%
RKC LB 5 Juan Familia-Castillo
0%
Heracles RW 23 Juho Talvite
0%
FC Twente CB 24 Jülien Mesbahi
0%
NAC ST 9 Kacper Kostorz
0%
Sparta RW - Kayky
0%
Sparta GK - Kaylen Reitmaier
0%
RKC CDM 35 Kevin Felida
0%
Willem 2 RW 35 Khaled Razak
0%
FC Groningen LW - Kian Slor
0%
NAC CB 12 Leo Greiml
0%
SC Heerenveen CAM 14 Levi Smans
0%
Heracles LB 22 Lorenzo Milani
0%
NEC LW 26 Luc Nieuwenhuijs
0%
RKC GK 16 Luuk Vogels
0%
NAC LB 21 Manel Royo
0%
NAC RB 3 Martin Koscelnik
0%
SC Heerenveen CB 27 Mateja Milovanovic
0%
NAC CDM 16 Max Balard
0%
Sparta CM - Metinho
0%
Willem 2 RB 20 Mickaël Tirpan
0%
Sparta CB - Mike Eerdhuijzen
0%
PEC Zwolle GK 40 Mike Hauptmeijer
0%
Willem 2 CB 15 Miodrag Pivas
0%
Sparta CAM - Mohamed Nassoh
0%
Willem 2 LB 44 Niels Van Berkel
0%
SC Heerenveen CB 17 Nikolai Hopland
0%
Heracles RW 11 Nikolai Laursen
0%
RKC CAM 15 Nouri El Harmazi
0%
PEC Zwolle CB 3 Oliver Aertssen
0%
SC Heerenveen RB 45 Olivier Braude
0%
NEC CM 27 Omar Jamil
0%
Willem 2 LW 17 Patrick Joosten
0%
RKC CM 8 Patrick Vroegh
0%
Sparta CM - Pelle Clement
0%
Willem 2 RW 50 Per Van Loon
0%
NAC CAM 11 Raul Paula
0%
RKC CAM 10 Reuven Niemeijer
0%
RKC ST 19 Richonell Margaret
0%
Sparta CB - Rick Meissen
0%
Heracles GK 30 Robin Mantel
0%
Willem 2 LB 22 Rob Nizet
0%
RKC CB 17 Roshon Van Eijma
0%
NAC GK 1 Roy Kortsmit
0%
Sparta RB - Saïd Bakari
0%
PEC Zwolle CAM 21 Samir Lagsir
0%
NAC LW 19 Sana Ferndandes
0%
Heracles CB 6 Sava-Arangel Cestic
0%
FC Twente LW 30 Sayfallah Ltaief
0%
Heracles CDM 32 Sem Scheperman
0%
Sparta RB - Sergi Rosanas
0%
Sparta RW - Shunsuke Mito
0%
FC Utrecht CDM 46 Silas Andersen
0%
PEC Zwolle CB 28 Simon Graves
0%
SC Heerenveen CM 19 Simon Olsson
0%
Heracles LW 29 Suf Podgoreanu
0%
NAC GK 49 Tein Troost
0%
Sparta CB - Teo Quintero
0%
NAC CB 23 Terence Kongolo
0%
PEC Zwolle CM 38 Teun Gijselhart
0%
PEC Zwolle LB 5 Thierry Lutonda
0%
PEC Zwolle ST 29 Thomas Buitink
0%
SC Heerenveen CM 35 Ties Oostra
0%
Heracles GK 16 Timo Jansink
0%
RKC CM 22 Tim Van der Loo
0%
Fortuna Sittard RW - Umaro Embalo
0%
RKC GK 21 Yanick Van Osch
0%
FC Utrecht LW 20 Yoann Catheline
0%
Sparta GK - Youri Schoonderwaldt
0%
No matching quizzes found
Score Distribution
Percent of People with Each Score
Percentile by Number Answered
Your Score History
You have not taken this quiz